| 000 | 01734cam a22004814i 4500 | ||
|---|---|---|---|
| 003 | PE-LiUPU | ||
| 005 | 20250731173024.0 | ||
| 008 | 150623s r 000 0 d | ||
| 020 | _a1563382954 | ||
| 035 | _a(Sirsi) i9781563382956 | ||
| 040 |
_aPE-LiUPU _bspa _cPE-LiUPU _erda |
||
| 049 | _aPRUA | ||
| 082 | 0 | 4 |
_a232.904 _bS62 _221 |
| 100 | 1 |
_aSnyder, Graydon F., _eautor. |
|
| 245 | 1 | 0 |
_aInculturation of the Jesus tradition : _bthe impact of Jesus on Jewish and Roman cultures / _cGraydon F. Snyder. |
| 264 | 1 |
_aHarrisburg, Pennsylvania : _bTrinity Press International, _c1999. |
|
| 300 |
_a247 páginas ; _c23 centímetros |
||
| 336 |
_atext _2rdacontent |
||
| 337 |
_aunmediated _2rdamedia |
||
| 338 |
_avolume _2rdacarrier |
||
| 504 | _aIncluye bibliografía. | ||
| 505 | 0 | _aInculturation in the New Testament. -Theories of transformation. -Trajectories of inculturation. | |
| 526 | _aSEG42 | ||
| 526 | _aSEG41 | ||
| 526 | _aSEG40 | ||
| 526 | _aSEG39 | ||
| 526 | _aP94 | ||
| 526 | _aP87 | ||
| 526 | _aP86 | ||
| 526 | _aP85 | ||
| 526 | _aP77 | ||
| 526 | _aP76 | ||
| 526 | _aP35 | ||
| 650 | 0 | 4 |
_aCristianismo y cultura _xHistoria _yIglesia primitiva, ca. 30-600. |
| 650 | 0 | 4 |
_aJudios _xCivilización _xInfluencia cristiana. |
| 650 | 0 | 4 |
_aRoma _xCivilización _xInfluencia cristiana. |
| 942 |
_2ddc _cBOOK |
||
| 949 |
_a232.904 S62 _wDEWEY _c1 _i47892 _lCCODEBUL1 _mBUL _r0 _sY _tBOOK _u2015-6-24 _xTEOLOGIA _PP35 _0COMPRA _o.STAFF. Colección General |
||
| 994 |
_aC0 _bPEPRU |
||
| 596 | _a1 | ||
| 999 |
_a232.904 S62 _wDEWEY _c24365 _i47892 _f2021-11-10 _g5 _lCCODEBUL1 _mBUL _r0 _sY _tBOOK _u2015-6-24 _xTEOLOGIA _PP35 _0COMPRA _o.STAFF. Colección General _d24365 |
||
| 980 |
_81 _gALBERTO SANCHEZ Responsable de Automatización |
||